Sikap haloba yang membawa kerugian (Record no. 114998)

MARC details
000 -LEADER
fixed length control field 00779nam a2200265 i 4500
001 - CONTROL NUMBER
control field C2-0313263
003 - CONTROL NUMBER IDENTIFIER
control field PPAK
005 - DATE AND TIME OF LATEST TRANSACTION
control field 20180728104928.0
008 - FIXED-LENGTH DATA ELEMENTS--GENERAL INFORMATION
fixed length control field 111110s2011 my a|||| ||||| | may d
020 ## - INTERNATIONAL STANDARD BOOK NUMBER
International Standard Book Number 9789675219924
040 ## - CATALOGING SOURCE
Original cataloging agency PPAK
Language of cataloging eng
Transcribing agency PPAK
Description conventions rda
082 04 - DEWEY DECIMAL CLASSIFICATION NUMBER
Classification number 899.233
Edition number 23
090 00 - LOCALLY ASSIGNED LC-TYPE CALL NUMBER (OCLC); LOCAL CALL NUMBER (RLIN)
Classification number (OCLC) (R) ; Classification number, CALL (RLIN) (NR) 899.233
Feature heading MOH
Feature heading K
100 0# - MAIN ENTRY--PERSONAL NAME
Personal name Mohd. Shafie,
Relator term author
245 10 - TITLE STATEMENT
Title Sikap haloba yang membawa kerugian
264 #1 - PRODUCTION, PUBLICATION, DISTRIBUTION, MANUFACTURE, AND COPYRIGHT NOTICE
Place of production, publication, distribution, manufacture Butterworth, Pulau Pinang :
Name of producer, publisher, distributor, manufacturer Mega Publications ,
Date of production, publication, distribution, manufacture, or copyright notice 2011
300 ## - PHYSICAL DESCRIPTION
Extent 30 pages :
Other physical details colour illustrations ;
Dimensions 20 cm
336 ## - CONTENT TYPE
Source rdacontent
Content type term text
337 ## - MEDIA TYPE
Source rdamedia
Media type term unmediated
338 ## - CARRIER TYPE
Source rdacarrier
Carrier type term volume
490 1# - SERIES STATEMENT
Series statement Siri bacaan tropika ria
650 10 - SUBJECT ADDED ENTRY--TOPICAL TERM
Topical term or geographic name entry element Children's stories, Malay.
830 #0 - SERIES ADDED ENTRY--UNIFORM TITLE
Uniform title Siri bacaan tropika ria
942 ## - ADDED ENTRY ELEMENTS (KOHA)
-- dc
Koha item type Book
Holdings
Withdrawn Not for loan Current library Shelving location Date acquired Total Checkouts Full call number Barcode Date last seen Date last checked out Koha item type Total Renewals
    Perpustakaan Alor Setar Pinjaman Kanak-kanak 13/11/2011 1 K 899.233 MOH A01362347 01/02/2021 09/01/2021 Book  
    Perpustakaan Alor Setar Pinjaman Kanak-kanak 13/11/2011 4 K 899.233 MOH A01362348 24/06/2023 30/05/2023 Book  
    Perpustakaan Awam Sungai Petani Pinjaman Kanak-kanak 13/11/2011 4 K 899.233 MOH A01362349 10/01/2023 20/12/2022 Book  
    Perpustakaan Baling Pinjaman Kanak-kanak 13/11/2011 4 K 899.233 MOH A01362352 07/12/2024 16/11/2024 Book 1
    Perpustakaan Jitra Pinjaman Kanak-kanak 13/11/2011   K 899.233 MOH A01362350 09/05/2018   Book  
    Perpustakaan Merbok Pinjaman Kanak-kanak 13/11/2011   K 899.233 MOH A01362353 09/05/2018   Book